Statistics for Flags of Countries That Border North Macedonia

Click here to take the quiz!

General Stats

  • This quiz has been taken 526 times
  • The average score is 5 of 5

Answer Stats

Answer% Correct
Greece
100%
Albania
98%
Serbia
97%
Bulgaria
96%
Kosovo
96%

Score Distribution

Percentile by Number Answered

Percent of People with Each Score

Your Score History

You have not taken this quiz